Preterito perfecto - Statistics

General Stats
  • This quiz has been taken 20 times
  • The average score is 28 of 32
Answer Stats
Hint Answer % Correct
comer comido
100%
tú haber has
100%
ud. haber ha
100%
yo haber he
100%
ir ido
100%
tener tenido
100%
terminar terminado
100%
tomar tomado
100%
vivir vivido
100%
almorzar almorzado
90%
cruzar cruzado
90%
decir dicho
90%
empezar empezado
90%
estar estado
90%
vosotros haber habéis
90%
uds. haber han
90%
hacer hecho
90%
nosotros haber hemos
90%
ver visto
90%
abrir abierto
80%
cubrir cubierto
80%
entregar entregado
80%
escribir escrito
80%
imprimir impreso
80%
investigar investigado
80%
jugar jugado
80%
morir muerto
80%
pagar pagado
80%
romper roto
80%
ser sido
80%
volver vuelto
80%
poner puesto
70%
No matching quizzes found
Score Distribution
Percent of People with Each Score
Percentile by Number Answered
Your Score History
You have not taken this quiz